Responses for show #1830 - Friday, July 10, 1992

1992 Seniors Tournament quarterfinal game 5.

Contestants

Lucy Schilling, a writer from Indianapolis, Indiana

Lois Rosenfeld, a housewife from Los Angeles, California

Pete Goodman, a professor from Los Angeles, California

Jeopardy! Round responses

INVENTORS
COLE PORTER LYRICS
COLLEGES & UNIVERSITIES
1964
SHOPPING
QUOTES
    $100 1
Marconi

Lois
    $100 17
tea

Lucy
    $100 7
Columbia University

Lois
    $100 26
the American embassy

Pete
    $100 2
L.L. Bean

Pete
    $100 10
Love Story

Pete
    $200 3
Thomas Edison

Pete
    $200 18
true love

Lucy
    $200 21
Cambridge

Lucy
    $200 27
Juan Carlos

Lois
    $200 8
Virginia

Lois
    $200 11
Columbus

Lucy
    $300 4
(Lois: What is sulfur?)

phosphorus

Lois
Triple Stumper
    $300 19
friendship

Lucy
    $300 23
the University of California

Lois
    $300 28
(Alex: Those were the beagles.)

their ears

Lois
    $300 9
London

Pete
    $300 12
(Pete: Who is Bear Bryant?)

Vince Lombardi

PeteLucy
    $400 5
(Lucy: Who is Stevenson?)

James Watt

PeteLucy
    $400 20
(Lucy: What is summer?)
Lois: I love Paris in the winter. What is I love Paris in the winter?)
(Pete: What is I love Paris in the [*]?)

springtime

PeteLoisLucy
    $500 24
(Alex: [Prior to the wager] We have a minute left in the round.)

Georgetown University

Lois
    $400 29
(Pete: What is... wheat?)
(Lucy: [Without ringing in] What is [*]?)
(Alex: You have to ring in, first.)
...
[The end-of-round signal sounds.]

rice

PeteLucy
    $400 15
Switzerland

Lois
    $400 13
liberty

Lucy
    $500 6
(Sir Henry) Bessemer

Pete
    $500 22
concentrate

Triple Stumper
    $500 25
Illinois

Pete
    $500 16
the World Wildlife Fund

Triple Stumper
    $500 14
health

Lucy

Scores at the first commercial break (after clue 14):

Pete Lois Lucy
$1,300 $100 $1,000

Scores at the end of the Jeopardy! Round:

Pete Lois Lucy
$1,900 $1,400 $1,800

Double Jeopardy! Round responses

BOOKS & AUTHORS
WORLD GEOGRAPHY
ACTORS & HISTORIC ROLES
NUTRITION
NATIONAL PARKS
POPES NAMED GREGORY
    $200 1
Tolstoy

Lois
    $200 6
the Seine

Lois
    $200 8
Anne Boleyn

Pete
    $200 13
milk

Lucy
    $200 19
the Everglades

Pete
    $400 2
Tropic of Capricorn

Lois
    $400 7
St. Thomas

Lucy
    $400 9
Errol Flynn

Pete
    $400 14
carbohydrates

Pete
    $400 20
Mammoth Cave National Park

Lucy
    $1,000 3
(Lois: What is The Old Man and the Sea?)

Islands in the Stream

Lois
    $600 15
Serengeti

Lucy
    $600 10
(Pete: Who is Elizabeth One?)

Queen Victoria

PeteLois
    $600 16
olive oil

Lucy
    $600 21
Yosemite

Pete
    $800 4
(Lois: What are the The Witches of Eastwitch?)
[Alex misheard Lois' response as the correct title and the ruling was reversed when the next Daily Double was uncovered.)

The Witches of Eastwick

Lois
Triple Stumper
    $800 24
(Lois: What is India?)
...
[The end-of-round signal sounds.]

Pakistan

Lois
Triple Stumper
    $800 11
Sister Kenny

Lois
    $800 17
(Alex: We have a minute to go.)

B12 vitamins

Triple Stumper
    $800 22
Michigan

Lucy
    $1000 5
the Kiss of the Spider Woman

Triple Stumper
    $1,000 12
Georgia O'Keeffe

Lois
    $1000 18
(Lois: What is beriberi?)
(Pete: What are rickets?)

scurvy

PeteLois
Triple Stumper
    $1000 23
Theodore Roosevelt

Lucy

Scores at the end of the Double Jeopardy! Round:

Pete Lois Lucy
$2,100 $1,000 $5,800
(lock game)

Final Jeopardy! Round responses

20th CENTURY WOMEN
(Alex: [After the music plays] I just heard Pete Goodman say, "Wrong". Obviously he's had second thoughts.)
...
[Pete clarified he was going for Alicia Alonso.]
LoisWho is Dame Margot Fonteyn
$1,000
PeteWho is Alanzo?
$2,100
LucyWho was Margot Fonteyn?
$800
Margot Fonteyn

Final scores:

Pete Lois Lucy
$0 $2,000 $6,600
3rd place: $1,000 if eliminated 2nd place: $1,000 if eliminated Automatic semifinalist

Game dynamics:

Coryat scores:

Pete Lois Lucy
$2,100 $1,900 $5,800
14 R,
4 W
14 R
(including 2 DDs),
6 W
(including 1 DD)
16 R,
2 W

Combined Coryat: $9,800

The J! Archive is created by fans, for fans. The Jeopardy! game show and all elements thereof, including but not limited to copyright and trademark thereto, are the property of Jeopardy Productions, Inc. and are protected under law. This website is not affiliated with, sponsored by, or operated by Jeopardy Productions, Inc. Join the discussion at JBoard.tv.